00338nam a2200133Ia 4500008004100000041000800041082001400049100001700063245003700080250001400117260003500131300003100166365000700197240624s9999 xx 000 0 und d aeng a658.8 GRE aGREEN PAUL E aRESEARCH FOR MARKETING DECISIONS a(5th ed.) c2004aNew DelhibPrentice-Hall axii, : 784 : p. : cm. ; 24 cRS